00709 a2200193 450000100060000002000150000604000220002110000310004324000300007424500250010430000080012936200090013765000230014694200070016995201130017695201080028995201010039799900170049856598 a8526242237 cAnchieta - Pituba aCanpedelli, Samira Youssef10aMomento de decisãolpor10aMomento de decisão a1190 a2002 4aLiteratura juvenil cBK 00104070a91.1b91.1d2023-11-21l0oLJ 028.5 A636m ANT MOMp6153/PITr2023-11-21 18:24:05w2023-11-21yBK 00102ddc4070a57.2b57.2d2024-06-04l0pnt972r2024-06-04 10:36:23w2024-06-04yBKzEstante Verdeu 00102ddc4070a57.2b57.2d2024-07-16l0pfm383r2024-07-16 12:16:38w2024-07-16yBKzFD2/EMu c56598d56598